000
00379nam a22001577a 4500
003
MPLRDC
005
20220104125055.0
008
210129b ||||| |||| 00| 0 eng d
082
_a
857.9 GL-29 v.2 c.2
100
_a
古龙
245
_a
飘花看剑录. 二
_c
260
_a
_b
武功出版社
_c
300
_b
平
650
_a
武侠小说
942
_c
BK
_o
857.9 GL-29 v.2 c.2
999
_c
24442
_d
24432